Don Quijote de la Mancha
Furkejuvvon:
| Váldodahkki: | |
|---|---|
| Materiálatiipa: | Girji |
| Giella: | Undetermined |
| Almmustuhtton: |
México, Distrito Federal
Editorial Cumbre
1980
|
| Preanttus: | 17 |
| Fáttát: | |
| Fáddágilkorat: |
Lasit fáddágilkoriid
Eai fáddágilkorat, Lasit vuosttaš fáddágilkora!
|
MARC
| LEADER | 00000nam a2200000Ia 4500 | ||
|---|---|---|---|
| 008 | 170316s9999 xx 000 0 und d | ||
| 040 | |a cru BVZT | ||
| 090 | |a 862 C-37d v.4 | ||
| 100 | |a Cervantes Saavedra, Miguel de | ||
| 245 | |a Don Quijote de la Mancha | ||
| 250 | |a 17 | ||
| 260 | |a México, Distrito Federal | ||
| 260 | |b Editorial Cumbre | ||
| 260 | |c 1980 | ||
| 300 | |a 342 páginas Vol. 4 | ||
| 650 | |a LITERATURA ESPAÑOLA | ||
| 650 | |a NOVELA | ||
| 650 | |a EL INGENIOSO HIDALGO DON QUIJOTE DE LA MANCHA | ||
| 999 | |c 9686 |d 9686 | ||
| 942 | |c 15 D |h 862 C-37d v.4 |2 z | ||
